| 000 | 00418cam a2200181ua 4500 | ||
|---|---|---|---|
| 020 | _c3.50 | ||
| 041 |
_amal _h |
||
| 082 |
_a894.812809 _bASA/KA |
||
| 100 | _aAsari, RS . | ||
| 245 |
_aKalayude kalavara / _cR S Asari. _hTextual Documents |
||
| 250 |
_a1 / _b. |
||
| 260 |
_aCalicut : _bP K Brothers , _c1963. |
||
| 300 | _a286 ; . | ||
| 365 | _a3.50 | ||
| 504 | _a | ||
| 942 | _cBK | ||
| 999 |
_c11683 _d11683 |
||